| 000 | | | 04219nmc2a2200000 x 450 |
| 001 | | | a0f1e3ec-6988-4773-856b-d62a956a9ce0 |
| 005 | | | 20171115145800.0 |
| 100 | ## | $a | 20151211l18171817k l0rusy0189 ca |
| 101 | 0# | $a | rus |
| 102 | ## | $a | RU |
| 200 | 1# | $a | Переписка министра финансов с министром народного просвещения по поводу изданного на немецком и английском языках Тарифа 1816 года |
| | $j | 8-22 ноября 1817 г. |
| 251 | ## | $c | Дело |
| 300 | ## | $a | Дело |
| 300 | ## | $a | Ориг. заголовок дела: Дело по отношению министра финансов Гурьева о выпущенном цензурой Тарифе 1816 года на немецком и английском языках. 8 ноября 1817 г. - 22 ноября 1817 г |
| 801 | #0 | $a | RU |
| | $b | РГИА |
| | $c | 20151211 |
| | $g | RCR |
| 801 | #1 | $a | RU |
| | $b | ГлавНИВЦ |
| | $c | 20151211 |
| | $2 | rusmarc |
| 801 | #2 | $a | RU |
| | $b | ПБ им. Б.Н. Ельцина |
| | $c | 20171115 |
| | $g | RCR |
| | $2 | rusmarc |
| 850 | ## | $a | РГИА |
| 852 | ## | $a | РГИА |
| | $e | Федеральное казенное учреждение "Российский государственный исторический архив" (РГИА) |
| | $j | 387 |
| 937 | ## | $h | РГИА |
| | $d | 12186993 |
| | $a | ASBIBLIO_SCAN |
| 462 | #0 | $1 | 001a72b6b5a-b506-4d67-873a-f622b4f5e56d |
| | $1 | 2001 |
| | $a | Дела Департамента народного просвещения по цензурной части |
| | $1 | 251 |
| | $c | Опись |
| | $1 | 852 |
| | $j | 118 |
| 461 | #0 | $1 | 001a74412a3-3cc5-4d21-8f0a-dfe2fbd9e72d |
| | $1 | 2001 |
| | $a | Департамент народного просвещения Министерства народного просвещения (1803-1917) |
| | $1 | 251 |
| | $c | Фонд |
| | $1 | 852 |
| | $j | 733 |
| 215 | ## | $a | 12 л. |
| | $d | 36,5х26 см |
| 371 | ## | $a | Документ не является опубликованным и широко распространяемым |
| 122 | 2# | $a | d |
| 105 | ## | $a | y### |
| 517 | 1# | $a | Дело по отношению министра финансов Гурьева о выпущенном цензурой Тарифе 1816 года на немецком и английском языках. 8 ноября 1817 г. - 22 ноября 1817 г |
| 035 | ## | $a | a0f1e3ec-6988-4773-856b-d62a956a9ce0 |
| 856 | ## | $u | http://readingroom.main.prlib.ru/item.aspx?id_node=n109065029&mode=full |